Chemistry of the carbonyle group (Record no. 23631)

MARC details
000 -LEADER
fixed length control field 00276nam a2200109Ia 4500
082 ## - DEWEY DECIMAL CLASSIFICATION NUMBER
Classification number 547.57
Item number WAR
100 ## - MAIN ENTRY--AUTHOR NAME
Personal name Warren, Stuart
245 #0 - TITLE STATEMENT
Title Chemistry of the carbonyle group
260 ## - PUBLICATION, DISTRIBUTION, ETC. (IMPRINT)
Place of publication London
Name of publisher John Wiley
Year of publication 1974
942 ## - ADDED ENTRY ELEMENTS (KOHA)
Koha item type Books
Holdings
Withdrawn status Lost status Damaged status Not for loan Home library Current library Date acquired Cost, normal purchase price Full call number Accession Number Koha item type
        RRII Library RRII Library 16/12/2021 5.95 547.57 WAR 04329 Books